000 01467cam a22003615i 4500
999 _c11246
_d11246
003 EG-ScBUE
005 20200119114954.0
008 090409t20092009nyub f b 001 0 eng d
020 _a9780205605453
020 _a0205605451
040 _aEG-ScBUE
_beng
_erda
_cEG-ScBUE
_dEG-ScBUE
082 0 4 _a808.0427
_bONE
_222
245 0 0 _aOne world, many cultures /
_c[compiled by] Stuart Hirschberg, Terry Hirschberg.
250 _aSeventh edition.
264 1 _aNew York :
_bPearson Longman,
_c[2009]
264 4 _cc2009
300 _axvi, 525 pages ;
_bmaps ;
_c24 cm
336 _atext
_btxt
_2rdacontent
337 _aunmediated
_bn
_2rdamedia
338 _avolume
_bnc
_2rdacarrier
504 _aIncludes bibliographical references and index.
520 _aThese compelling readings explore cultural differences in relation to race, class, gender, and nationality, challenging students to compare their experiences with those of others in radically different cultural circumstances.
650 7 _aCollege readers.
_2BUEsh
_93453
650 7 _aPluralism (Social sciences)
_xProblems, exercises, etc.
_2BUEsh
_93454
650 7 _aEthnic groups
_vProblems, exercises, etc.
_2BUEsh
_93455
650 7 _aEnglish language
_xRhetoric.
_2BUEsh
_93456
650 7 _aReaders
_xSocial sciences.
_2BUEsh
_93457
651 _2BUEsh
653 _bHHUUEENN
700 1 _aHirschberg, Stuart,
_ecompiler.
_93452
700 1 _a Hirschberg, Terry,
_ecompiler.
_93458
942 _cBB
_2ddc